[Event "Bundesliga 2004-5"]
[Site "Solingen GER"]
[Date "2005.04.09"]
[Round "14"]
[White "Haba,P"]
[Black "Nikolic,Pr"]
[Result "1-0"]
[WhiteElo "2511"]
[BlackElo "2627"]

1.e4 e5 2.Nf3 Nc6 3.Bb5 a6 4.Ba4 Nf6 5.O-O Be7 6.Re1 b5 7.Bb3 d6 8.c3 O-O
9.h3 Re8 10.d4 Bb7 11.Ng5 Rf8 12.Nf3 Re8 13.Nbd2 Bf8 14.a4 Qd7 15.axb5 axb5
16.Rxa8 Bxa8 17.d5 Na5 18.Ba2 c6 19.b4 Nb7 20.Nf1 cxd5 21.exd5 Rc8 22.Bd2 g6
23.Qe2 Nd8 24.Ne3 Bh6 25.Ng4 Bg7 26.Nfxe5 dxe5 27.Qxe5 Qf5 28.Qxf6 Nb7 29.Qe7 h5
30.Nh6+ Bxh6 31.Bxh6 Rd8 32.Re5  1-0

[Event "Bundesliga 2004-5"]
[Site "Solingen GER"]
[Date "2005.04.10"]
[Round "15"]
[White "Nikolic,Pr"]
[Black "McShane,L"]
[Result "1/2-1/2"]
[WhiteElo "2627"]
[BlackElo "2620"]

1.d4 Nf6 2.Nf3 g6 3.g3 Bg7 4.Bg2 O-O 5.O-O d6 6.c4 Nc6 7.Nc3 Rb8 8.h3 a6
9.e4 b5 10.e5 Nd7 11.cxb5 axb5 12.Ng5 dxe5 13.Bxc6 exd4 14.Nxb5 Rb6 15.Na7 Ra6
16.Nxc8 Rxc6 17.Na7 Rb6 18.Qa4 Nb8 19.Qc4 c6 20.Re1 Ra6 21.Nc8 e5 22.Bf4 Qc7
23.Re4 h6 24.Nf3 exf4 25.Ne7+ Kh7 26.gxf4 Ra7 27.Nxd4 Qd7 28.Rae1 Qxh3 29.f5 Qh5
30.fxg6+ Kh8 31.Ndf5 Nd7 32.Nxg7 Kxg7 33.Rh4 Ne5 34.Rxh5 Nxc4 35.b3 Nd2 36.Re2 fxg6
37.Rc5 Nf3+ 38.Kg2 Nd4 39.Re4 Re8 40.Rxd4 Rexe7 41.Rxc6 Rxa2 42.Rdd6 g5 43.Rg6+ Kf8
44.Rxh6 Rf7 45.Rhf6 Rd2 46.b4 Rxf6 47.Rxf6+ Kg7 48.Rb6 Rd3 49.f3 Rc3 50.Re6 Rb3
51.Re4 Kg6 52.Kg3 Kf5 53.Rc4 Rb2 54.Rc5+ Kg6 55.Rb5 Kf6 56.Rb8 Kg6 57.b5 Rb4
58.Kf2 Rb3 59.b6 Kg7 60.Ke2 Kh7 61.b7 Kg7 62.Kd2 Rb1 63.Kd3 Rb4 64.Kc3 Rb1
65.Kc4 Rc1+ 66.Kd4 Rb1 67.Ke5 Rb5+ 68.Ke6 Rb1 69.Kf5 Rb5+ 70.Kg4 Kh7 71.Kh5 Kg7
72.Kg4  1/2-1/2

[Event "1st Rapid Open"]
[Site "Livry Gargan BEL"]
[Date "2005.05.15"]
[Round "1"]
[White "Nikolic,Pr"]
[Black "Zaky,T"]
[Result "1-0"]
[WhiteElo "2627"]
[BlackElo "2013"]

1.Nf3 d5 2.d4 Nf6 3.c4 c6 4.Nc3 e6 5.Bg5 h6 6.Bxf6 Qxf6 7.e3 a6 8.Rc1 Bb4
9.Qb3 Bxc3+ 10.Rxc3 dxc4 11.Bxc4 b5 12.Bd3 O-O 13.Ne5 Bb7 14.O-O Qe7 15.Rfc1 Rc8
16.Be4 Qd6 17.Qc2 f5 18.Bf3 g5 19.g4 Nd7 20.Nxd7 Qxd7 21.gxf5 exf5 22.Bxc6 Rxc6
23.Rxc6 Qd5 24.Qb3 Bxc6 25.Rxc6 Qxb3 26.axb3 Kg7 27.b4 a5 28.bxa5 Rxa5 29.Rc5 f4
30.Kg2 Kg6 31.exf4 g4 32.b3 h5 33.Kg3  1-0

[Event "1st Rapid Open"]
[Site "Livry Gargan BEL"]
[Date "2005.05.15"]
[Round "2"]
[White "Struk,J"]
[Black "Nikolic,Pr"]
[Result "0-1"]
[WhiteElo "2227"]
[BlackElo "2627"]

1.e4 g6 2.d4 Bg7 3.Nc3 c6 4.Nf3 d6 5.Be2 Nf6 6.O-O O-O 7.h3 b5 8.a3 a6 9.Be3 Nbd7
10.Qd2 Qc7 11.Bh6 e5 12.dxe5 dxe5 13.Qg5 Re8 14.Nh4 Nc5 15.Bxg7 Kxg7 16.Nf5+ Bxf5
17.exf5 e4 18.Qe3 Re5 19.fxg6 hxg6 20.Rad1 Ne6 21.Bg4 Ng5 22.Rfe1 Rae8 23.Qd4 Nxg4
24.hxg4 c5 25.Qe3 Nf3+ 26.Kf1 Nxe1 27.Kxe1 Qc8 28.g5 Qg4 29.Kf1 Rh8  0-1

[Event "1st Rapid Open"]
[Site "Livry Gargan BEL"]
[Date "2005.05.15"]
[Round "4"]
[White "Bettioui,N"]
[Black "Nikolic,Pr"]
[Result "0-1"]
[WhiteElo "2085"]
[BlackElo "2627"]

1.e4 g6 2.d4 Bg7 3.Bc4 c6 4.Bb3 d5 5.exd5 cxd5 6.Bf4 Nc6 7.c3 Nf6 8.Nd2 O-O
9.h3 Nh5 10.Ne2 Nxf4 11.Nxf4 e6 12.Nf3 Na5 13.Bc2 Nc4 14.Nd3 b6 15.O-O a5
16.Qe2 f6 17.Rfe1 Ra7 18.h4 Re7 19.Bb3 Qd6 20.Nd2 Ba6 21.Rad1 Nxb2 22.Bc2 Nxd1
23.Qxd1 Rc8 24.Nb1 e5 25.h5 e4 26.Nb2 f5 27.Re3 g5 28.Rh3 g4 29.Rh1 Bh6 30.g3 Rf8
31.Kg2 f4 32.Qxg4+ Rg7 33.Qh4 fxg3 34.fxg3 Rf3 35.g4 Bc8 36.Rg1 Bg5 37.Qh2 Rf2+  0-1

[Event "1st Rapid Open"]
[Site "Livry Gargan BEL"]
[Date "2005.05.15"]
[Round "5"]
[White "Nikolic,Pr"]
[Black "Pham Minh Hoang"]
[Result "1-0"]
[WhiteElo "2627"]
[BlackElo "2455"]

1.d4 Nf6 2.Nf3 b6 3.g3 e6 4.Bg2 d5 5.O-O c6 6.c4 Bd6 7.Nbd2 Ba6 8.b3 O-O
9.Bb2 Qe7 10.Re1 Ne4 11.Nxe4 dxe4 12.Nd2 f5 13.e3 Nd7 14.f3 exf3 15.Bxf3 Rac8
16.e4 Qg5 17.e5 Bb4 18.Re2 Rfd8 19.Nf1 b5 20.c5 Nf8 21.Qc1 Qe7 22.h4 Rd7
23.Rh2 Ba5 24.h5 h6 25.Qf4 Nh7 26.Rf2 Ng5 27.Bg2 b4 28.Rd1 Qe8 29.Qh4 Bd8
30.Qh1 Bb5 31.Ne3 Be7 32.Rc1 Bd3 33.Nc4 Be4 34.Nd6 Bxd6 35.cxd6 Bxg2 36.Kxg2 Ne4
37.Rfc2 Rb7 38.Qh4 Ng5 39.Rc5 Ne4 40.Re1 Nxc5 41.dxc5 Qd7 42.Rf1 a5 43.g4 Rf8
44.gxf5 exf5 45.Qc4+ Kh7 46.e6 Qe8 47.e7 Rxe7 48.dxe7 Qxe7 49.Qf4 Qe2+ 50.Rf2 Qxh5
51.Rf3  1-0

[Event "1st Rapid Open"]
[Site "Livry Gargan BEL"]
[Date "2005.05.15"]
[Round "7"]
[White "Nikolic,Pr"]
[Black "Dgebuadze,A"]
[Result "1-0"]
[WhiteElo "2627"]
[BlackElo "2534"]

1.d4 e6 2.c4 d5 3.Nc3 c6 4.e4 dxe4 5.Nxe4 Bb4+ 6.Bd2 Qxd4 7.Bxb4 Qxe4+ 8.Ne2 Ne7
9.Qd2 c5 10.Bxc5 Nbc6 11.f3 Qxc4 12.Rc1 Qd5 13.Qe3 Qe5 14.Qxe5 Nxe5 15.Nc3 a6
16.Ne4 f6 17.Be2 Nd5 18.g3 Nf7 19.Kf2 Bd7 20.Ba3 Bb5 21.Rhd1 Bxe2 22.Kxe2 b5
23.Nc5 Nd8 24.Nxe6 Nxe6 25.Rxd5 Kf7 26.Rd7+ Kg6 27.Rc6 Rhe8 28.Kd3 a5 29.Be7 Nd8
30.Rb6 Nf7 31.f4 Rab8 32.Ra6 Ra8 33.Rxa8 Rxa8 34.Rb7 Re8 35.Bc5 Rd8+ 36.Ke3 Rd5
37.b4 axb4 38.Bxb4 Nd6 39.Bxd6 Rxd6 40.Rxb5 Ra6 41.Rb2 Ra3+ 42.Kd4 Kf5 43.Kc4 h5
44.Kb4 Rf3 45.a4 h4 46.Rg2 hxg3 47.hxg3 Kg4 48.a5 Rf1 49.Ra2 Kxg3 50.a6 Rxf4+
51.Kc5 Rh4 52.a7 Rh8 53.a8=Q Rxa8 54.Rxa8 f5 55.Rg8 f4 56.Rxg7+ Kf2 57.Kd4 f3
58.Kd3 Ke1 59.Rg1+ Kf2 60.Ra1 Kg2 61.Ke3 f2 62.Ke2  1-0

[Event "1st Rapid Open"]
[Site "Livry Gargan BEL"]
[Date "2005.05.15"]
[Round "8"]
[White "David,Alb"]
[Black "Nikolic,Pr"]
[Result "1-0"]
[WhiteElo "2579"]
[BlackElo "2627"]

1.e4 e5 2.Nf3 Nc6 3.Bb5 a6 4.Ba4 Nf6 5.O-O Be7 6.Re1 b5 7.Bb3 d6 8.c3 Bg4
9.h3 Bh5 10.d3 O-O 11.Nbd2 Na5 12.Bc2 c5 13.Nf1 Re8 14.Ng3 Bg6 15.Nh4 Bf8
16.Qf3 d5 17.Bg5 Re6 18.a3 dxe4 19.dxe4 h6 20.Rad1 Qc7 21.Nxg6 hxg5 22.Nxf8 Rxf8
23.Qf5 Nh7 24.Nf1 Nc4 25.Bb3 Nd6 26.Qg4 Nf6 27.Qf3 c4 28.Bc2 g6 29.Qg3 Nh7
30.Ne3 Kg7 31.Nd5 Qc5 32.Re2 Rc8 33.Red2 Ne8 34.Kh1 Rcc6 35.Nb4 Rcd6 36.Rd5 Qc7
37.Rxd6 Nxd6 38.Nxa6 Qe7 39.Nb4 f5 40.exf5 gxf5 41.Qe3 e4 42.Nd5 Qb7 43.Qc5 Nf7
44.Ne3 f4 45.Nf5+ Kf6 46.Rd5 Qb6 47.Nd4 Qxc5 48.Rxc5 Re5 49.Rxb5 Rxb5 50.Nxb5 Ke5
51.Kg1 Nf6 52.Kf1 Nd8 53.Nd4 Nb7 54.Ke2 Nc5 55.a4 Nd5 56.a5 Nc7 57.g3 f3+
58.Kd2 Nb7 59.Nc6+ Kd5 60.Nb4+ Kc5 61.a6 Nd6 62.Ke3 Ncb5 63.Bxe4 Kb6 64.Bxf3 Nf5+
65.Ke4 Nfd6+ 66.Ke5 Ne8 67.Kf5 Nbc7 68.Kxg5 Ne6+ 69.Kf5 Nc5  1-0

[Event "1st Rapid Open"]
[Site "Livry Gargan BEL"]
[Date "2005.05.15"]
[Round "9"]
[White "Nikolic,Pr"]
[Black "Kazhgaleyev,M"]
[Result "0-1"]
[WhiteElo "2627"]
[BlackElo "2600"]

1.d4 Nf6 2.Nf3 g6 3.g3 Bg7 4.Bg2 d5 5.O-O c6 6.b3 O-O 7.Bb2 a5 8.c4 Bf5 9.Nc3 Ne4
10.Rc1 Nxc3 11.Bxc3 Be4 12.e3 Nd7 13.Qe2 e6 14.Rfd1 a4 15.Bf1 Bxf3 16.Qxf3 axb3
17.axb3 Qb6 18.Rb1 Ra3 19.c5 Qc7 20.Qe2 Rfa8 21.Qc2 e5 22.b4 exd4 23.Bxd4 Bxd4
24.exd4 Nf6 25.Bd3 Kg7 26.Kg2 h5 27.Re1 Qd7 28.Qd1 h4 29.Re3 hxg3 30.fxg3 Ra2+
31.Kg1 Rxh2 32.Kxh2 Ng4+ 33.Kg1 Nxe3 34.Qf3 Ng4 35.Be2 Nf6 36.Qf4 Qe7 37.Bf3 Ra3
38.b5 Ne4 39.Bxe4 dxe4 40.bxc6 bxc6 41.Re1 e3 42.Kg2 Ra2+ 43.Kg1 e2 44.Kf2 Qe6
45.g4 Qf6 46.Qxf6+ Kxf6 47.Rxe2 Rxe2+ 48.Kxe2 Ke6 49.g5 f6 50.gxf6 Kxf6 51.Ke3 Ke6
52.Ke4 g5 53.d5+ cxd5+ 54.Kd4 g4 55.c6 g3 56.Ke3 d4+  0-1

[Event "TCh-BIH Prem"]
[Site "Neum BIH"]
[Date "2005.06.04"]
[Round "1"]
[White "Ilincic,Z"]
[Black "Nikolic,Pr"]
[Result "1/2-1/2"]
[WhiteElo "2473"]
[BlackElo "2627"]

1.d4 d5 2.c4 c6 3.Nf3 Nf6 4.e3 Bf5 5.Bd3 Bg6 6.O-O e6 7.b3 Nbd7 8.Bb2 Ne4
9.Nc3 f5 10.Ne2 Bd6 11.Nf4 Qf6 12.Be2 O-O 13.Nd3 Qe7 14.c5 Bc7 15.b4 Bh5
16.Nfe5 Bxe2 17.Qxe2 a5 18.f3 Nef6 19.a3 Ra7 20.Bc3 Rfa8 21.Qb2 axb4 22.axb4 Bxe5
23.dxe5 Ne8 24.Rxa7 Rxa7 25.b5 Nxc5 26.Nxc5 Qxc5 27.Bd4 Qa3 28.Qc2 Ra8 29.bxc6 Rc8
30.cxb7 Rxc2 31.b8=Q Kf7  1/2-1/2

[Event "TCh-BIH Prem"]
[Site "Neum BIH"]
[Date "2005.06.10"]
[Round "7"]
[White "Nikolic,Pr"]
[Black "Fercec,N"]
[Result "1/2-1/2"]
[WhiteElo "2627"]
[BlackElo "2504"]

1.d4 d5 2.Nf3 Nc6 3.Bf4 Bg4 4.e3 e6 5.c4 Bb4+ 6.Nc3 Nf6 7.Rc1 Ne4 8.Be2 dxc4
9.h3 Bh5 10.Bxc4 e5 11.Bh2 exd4 12.exd4 O-O 13.Be2 Ng5 14.d5 Nxf3+ 15.gxf3 Ne7
16.a3 Bd6 17.Qd2  1/2-1/2

[Event "Bundesliga 2005-6"]
[Site "Wattenscheid GER"]
[Date "2005.10.22"]
[Round "1"]
[White "Nikolic,Pr"]
[Black "Hracek,Z"]
[Result "1-0"]
[WhiteElo "2584"]
[BlackElo "2581"]

1.d4 Nf6 2.c4 e6 3.Nf3 c5 4.d5 d6 5.Nc3 exd5 6.cxd5 g6 7.g3 Bg7 8.Bg2 O-O
9.O-O Re8 10.a4 Na6 11.Nd2 Ng4 12.h3 Ne5 13.f4 Nd7 14.e4 Nb4 15.a5 b6 16.Nc4 Ba6
17.Nxd6 Bxf1 18.Qxf1 Rf8 19.e5 Nc2 20.Ra4 bxa5 21.Nb7 Qb6 22.d6 c4+ 23.Kh2 Ne3
24.Bxe3 Qxe3 25.Rxc4 Nb6 26.Re4 Qd2 27.Re2 Qd3 28.Nc5 Qc4 29.Bxa8 Rxa8 30.N3e4 Rc8
31.Qd1 a4 32.Rc2 Qb4 33.Qd2 a5 34.h4 Bf8 35.Qd3 Kg7 36.h5 Kh6 37.hxg6 hxg6
38.Kg2 Kg7 39.Kf3 Qe1 40.Rh2 Qg1 41.Rh4 Rxc5 42.Nf6  1-0

[Event "Bundesliga 2005-6"]
[Site "Wattenscheid GER"]
[Date "2005.10.23"]
[Round "2"]
[White "Ftacnik,L"]
[Black "Nikolic,Pr"]
[Result "1-0"]
[WhiteElo "2612"]
[BlackElo "2584"]

1.d4 d5 2.c4 c6 3.Nf3 e6 4.Bg5 Be7 5.Bxe7 Qxe7 6.Nbd2 Nf6 7.g3 O-O 8.Bg2 b6
9.O-O Bb7 10.Rc1 Nbd7 11.Re1 Rfd8 12.cxd5 exd5 13.Qb3 Nf8 14.e3 Ne6 15.Rc3 c5
16.Qa3 a5 17.Rcc1 a4 18.dxc5 bxc5 19.Nd4 Nd7 20.Nf5 Qg5 21.Nd6 Ba6 22.f4 Qe7
23.Nf5 Qf6 24.g4 Nb6 25.Qc3 Qxc3 26.bxc3 Kf8 27.c4 Rab8 28.cxd5 Nxd5 29.Ne4 Nb4
30.Rc3 Nd3 31.Ra1 Rb2 32.Nfd6 Rdb8 33.Bf1 Rb1 34.Rxb1 Rxb1 35.Nd2 Rd1 36.N6c4 Nb4
37.a3 Nd5 38.Rc2 Ra1 39.Kf2 Nec7 40.Bg2 Ke7 41.g5 h6 42.gxh6 gxh6 43.Bf3 Bb5
44.f5 f6 45.h4 Kd8 46.Nd6 Ba6 47.Bxd5 Nxd5 48.Rxc5 Ne7 49.N2e4 Rxa3 50.Nxf6 Nc8
51.Rc6 Rd3 52.Nf7+ Ke7 53.Rxa6 Kxf7 54.Ng4 Rd2+ 55.Kf3 Nd6 56.Ne5+ Ke7 57.f6+  1-0

[Event "1st Rapid"]
[Site "Venaco FRA"]
[Date "2005.10.28"]
[Round "6"]
[White "Nikolic,Pr"]
[Black "Bologan,V"]
[Result "1/2-1/2"]
[WhiteElo "2584"]
[BlackElo "2682"]

1.d4 Nf6 2.Nf3 e6 3.c4 Nc6 4.g3 Bb4+ 5.Bd2 Qe7 6.Nc3 O-O 7.Bg2 d6 8.O-O Bxc3
9.Bxc3 a5 10.d5 exd5 11.cxd5 Nb4 12.Ne1 Ne4 13.Bxb4 axb4 14.Nd3 b3 15.a3 c5
16.dxc6 bxc6 17.Re1 Rb8 18.Rc1 c5 19.f3 Ng5 20.Rc3 Ne6 21.e3 Ba6 22.f4 Bb7
23.Rxb3 Bxg2 24.Rxb8 Rxb8 25.Kxg2 Qb7+ 26.Kg1 Qe4 27.Nf2 Qc6 28.Qc2 h6 29.h4 d5
30.f5 Nf8 31.b4 c4 32.Qc3 Nd7 33.e4 dxe4 34.Rxe4 Nb6 35.Qe5 Rc8 36.Rg4 f6
37.Qe7 g5 38.fxg6 Rc7 39.Qd8+ Kg7 40.Rd4 Rd7 41.Rxd7+ Nxd7 42.Qe7+ Kxg6 43.g4 Ne5
44.h5+ Kg5 45.Qg7+ Kh4 46.Qxh6 c3 47.Qe3 Nf3+ 48.Kf1 c2 49.Nd3 Nh2+ 50.Ke2 Nxg4
51.Qg1 Qc3 52.Qd1 Qe1+ 53.Kxe1 Ne5 54.Nc1 Kg5 55.a4 Kf5 56.Kd2 Ke4 57.Kc3 f5
58.a5 Nc6 59.Ne2 Ke5 60.a6 Na7 61.Qd5+ Kxd5 62.Nf4+ Kc6 63.Kc4 Kb6 64.Kd5 Kxa6
65.Ke5 Kb5 66.Kxf5 Kxb4 67.Ke5  1/2-1/2

[Event "Corsica Masters Open"]
[Site "Bastia FRA"]
[Date "2005.10.31"]
[Round "2"]
[White "Remille,T"]
[Black "Nikolic,Pr"]
[Result "0-1"]
[WhiteElo "2048"]
[BlackElo "2584"]

1.e4 d6 2.d4 g6 3.Nc3 Bg7 4.f4 c6 5.Be3 d5 6.e5 h5 7.Qd2 Nh6 8.Nge2 Na6 9.Bf2 Nc7
10.Nd1 f6 11.Ne3 Ng4 12.Bh4 fxe5 13.fxe5 Bh6 14.Bf2 Nxf2 15.Kxf2 O-O+ 16.Ke1 Qe8
17.Nc1 Qf7 18.Nd3 c5 19.c3 Ne6 20.Qe2 cxd4 21.Nxd5 dxc3 22.bxc3 Bd7 23.Qe4 Bc6
24.Nxe7+ Qxe7 25.Qxg6+ Bg7 26.Be2 Nf4 27.Nxf4 Rxf4 28.g3 Re4  0-1

[Event "Corsica Masters Open"]
[Site "Bastia FRA"]
[Date "2005.10.31"]
[Round "3"]
[White "Nikolic,Pr"]
[Black "Houska,Jo"]
[Result "1-0"]
[WhiteElo "2584"]
[BlackElo "2351"]

1.d4 d5 2.c4 c6 3.Nf3 Nf6 4.e3 Bf5 5.cxd5 cxd5 6.Nc3 e6 7.Ne5 h6 8.Qb3 Qc7
9.Bd2 Nc6 10.Rc1 Be7 11.Bb5 O-O 12.Bxc6 bxc6 13.Nb5 Qb7 14.Nxc6 Ne4 15.Nd6 Qxb3
16.Nxe7+ Kh7 17.axb3 Nxd6 18.Bb4 Rfd8 19.Rc6 Ne4 20.f3 Nf6 21.Nxf5 exf5 22.Bd6 a5
23.Kd2 Ne8 24.Be5 a4 25.Ra1 axb3 26.Rxa8 Rxa8 27.Kc3 Ra1 28.Kxb3 Re1 29.Rc2 Rxe3+
30.Kb4 g5 31.Kc5 f6 32.Bg3 f4 33.Bf2 Re7 34.Kxd5 f5 35.b4 Rb7 36.Rb2 Rc7
37.b5 Nf6+ 38.Kd6 Ne8+ 39.Ke6 Kg6 40.b6  1-0

[Event "Corsica Masters Open"]
[Site "Bastia FRA"]
[Date "2005.11.01"]
[Round "5"]
[White "Nikolic,Pr"]
[Black "Milov,V"]
[Result "1/2-1/2"]
[WhiteElo "2584"]
[BlackElo "2652"]

1.d4 Nf6 2.Nf3 d5 3.c4 e6 4.Nc3 Bb4 5.Bg5 Nbd7 6.Qa4 Bxc3+ 7.bxc3 h6 8.Bxf6 Qxf6
9.e3 O-O 10.cxd5 exd5 11.Qb3 Qd6 12.c4 dxc4 13.Bxc4 Nb6 14.Be2 Be6 15.Qb2 c5
16.O-O Rfc8 17.a4 Qe7 18.Rfc1 cxd4 19.a5 Nc4 20.Qxd4 b5 21.axb6 Nxb6 22.Rxc8+ Rxc8
23.Qe5 Qc7 24.Qa5 Nd5 25.Qxc7 Rxc7 26.Nd4 Bd7 27.Bb5 Bc8  1/2-1/2

[Event "Corsica Masters Open"]
[Site "Bastia FRA"]
[Date "2005.11.02"]
[Round "7"]
[White "Nikolic,Pr"]
[Black "Fressinet,L"]
[Result "1-0"]
[WhiteElo "2584"]
[BlackElo "2624"]

1.d4 d5 2.c4 c6 3.Nf3 Nf6 4.e3 a6 5.b3 Bf5 6.Bd3 e6 7.O-O Nbd7 8.Bxf5 exf5
9.a4 Ne4 10.Ne1 Bd6 11.Ra2 O-O 12.Nd3 Qb8 13.g3 b5 14.c5 Bc7 15.f3 Ng5 16.Nb4 Qb7
17.e4 Nxf3+ 18.Qxf3 fxe4 19.Qg4 f5 20.Rxf5 Nf6 21.Qd1 a5 22.Nc2 bxa4 23.bxa4 Qb3
24.Rb2 Qxa4 25.Qe2 Rab8 26.Nc3 Qc4 27.Qxc4 dxc4 28.Ne3 Rb3 29.Ne2 Rd8 30.Nxc4 Rf3
31.Bf4 Bxf4 32.Nxf4 a4 33.Ne6 Re8 34.Rxf3 exf3 35.Ng5 a3 36.Ra2  1-0

[Event "Corsica Masters Prelim"]
[Site "Bastia FRA"]
[Date "2005.11.03"]
[Round "1"]
[White "David,Alb"]
[Black "Nikolic,Pr"]
[Result "1/2-1/2"]
[WhiteElo "2595"]
[BlackElo "2584"]

1.e4 e5 2.Nf3 Nc6 3.Bb5 a6 4.Ba4 Nf6 5.O-O Be7 6.Re1 b5 7.Bb3 d6 8.c3 O-O
9.h3 Re8 10.d4 Bb7 11.Nbd2 Bf8 12.d5 Nb8 13.Nf1 Nbd7 14.Bg5 h6 15.Bh4 Be7
16.N3h2 Nc5 17.Bxf6 Bxf6 18.Bc2 g6 19.Qe2 c6 20.b4 Nd7 21.dxc6 Bxc6 22.Bb3 Nb6
23.Rad1 Kg7 24.Qd2 Be7 25.Ne3 Rc8 26.Neg4 Bg5 27.Qxd6 Qxd6 28.Rxd6 h5 29.Nf3 Be7
30.Rxc6 Rxc6 31.Ngxe5 Rxc3 32.Bxf7 Rf8 33.Bb3 Rfc8 34.Re2 Bxb4 35.g3 Nc4
36.Kg2 Rc7 37.Bxc4 bxc4 38.Nd4 Kf6 39.Nec6 Bc5 40.e5+ Kf7 41.e6+ Ke8 42.Rb2 Rc8
43.Rb7 Bxd4 44.Nxd4 Rd3 45.Rh7 Rc5 46.Rh8+ Ke7 47.Rh7+ Ke8 48.Rh8+ Ke7 49.Rh7+ Ke8
50.Rh8+ Ke7  1/2-1/2

[Event "Corsica Masters Prelim"]
[Site "Bastia FRA"]
[Date "2005.11.03"]
[Round "2"]
[White "Nikolic,Pr"]
[Black "David,Alb"]
[Result "0-1"]
[WhiteElo "2584"]
[BlackElo "2595"]

1.Nf3 Nf6 2.c4 e6 3.d4 d5 4.Nc3 Be7 5.Bg5 O-O 6.e3 h6 7.Bxf6 Bxf6 8.Qb3 c6
9.Bd3 Nd7 10.O-O dxc4 11.Bxc4 c5 12.Rfd1 cxd4 13.exd4 Nb6 14.Bd3 Bd7 15.Be4 Rc8
16.a4 Nc4 17.Bd3 Na5 18.Qc2 Qb6 19.Qe2 Nb3 20.a5 Qb4 21.Qe4 g6 22.Ne5 Bc6
23.Nxc6 bxc6 24.Ra4 Qb8 25.Bc4 Nxd4 26.Rxd4 Qxb2 27.Rd7 Qxc3 28.g3 Rcd8 29.Bxe6 fxe6
30.Qxg6+ Bg7 31.Qxe6+ Kh8 32.Rxd8 Rxd8 33.Kg2 Qf6 34.Qe3 Qf7  0-1

[Event "Bundesliga 2005-6"]
[Site "Koeln GER"]
[Date "2005.11.12"]
[Round "3"]
[White "Jenni,F"]
[Black "Nikolic,Pr"]
[Result "0-1"]
[WhiteElo "2502"]
[BlackElo "2584"]

1.e4 e6 2.d4 d5 3.Nc3 Bb4 4.e5 c5 5.a3 Bxc3+ 6.bxc3 Qc7 7.Nf3 b6 8.Bb5+ Bd7
9.Bd3 Ba4 10.Bf4 c4 11.Bf1 h6 12.h4 f5 13.h5 Qf7 14.Nh4 Ne7 15.Be2 Na6 16.g3 O-O-O
17.Qc1 Nc7 18.Ng2 Kb7 19.Ne3 Qf8 20.Nd1 Rd7 21.Nb2 Bc6 22.a4 a5 23.Nd1 Ka7
24.Ne3 Qf7 25.Ng2 Rb8 26.f3 Rh8 27.g4 fxg4 28.fxg4 Rf8 29.Rf1 Qg8 30.Qe3 Rf7
31.Kd2 Rd8 32.Nh4 Rdf8 33.g5 hxg5 34.Bxg5 Rxf1 35.Rxf1 Rxf1 36.Bxf1 Qe8 37.Be2 Bxa4
38.Qf4 Kb7 39.Bg4 b5 40.Bxe7 Qxe7 41.Ng6 Qa3 42.Bxe6 b4 43.Bxd5+ Nxd5 44.Qf7+ Nc7
45.Qxc4 b3 46.cxb3 Qb2+ 47.Ke3 Bb5 48.Qg8 Qxc3+  0-1

[Event "WCC"]
[Site "Khanty Mansyisk RUS"]
[Date "2005.11.27"]
[Round "1.2"]
[White "Nikolic,Pr"]
[Black "Navara,D"]
[Result "1-0"]
[WhiteElo "2584"]
[BlackElo "2646"]

1.d4 Nf6 2.Nf3 e6 3.c4 c5 4.d5 exd5 5.cxd5 d6 6.Nc3 g6 7.g3 Bg7 8.Bg2 O-O
9.O-O Nbd7 10.Nd2 a6 11.a4 Rb8 12.Nc4 Ne8 13.a5 Ne5 14.Nb6 Nc7 15.f4 Ng4
16.e3 f5 17.h3 Nf6 18.Bd2 Bd7 19.Qc2 Bb5 20.Rfe1 Re8 21.Nd1 Nd7 22.Nxd7 Bxd7
23.Bc3 Bf8 24.Nf2 Nb5 25.Bd2 Bg7 26.Bf1 Nc7 27.Bc4 Bb5 28.Ba2 Re7 29.Bc3 Qf8
30.Qd2 Bd7 31.Rac1 b5 32.axb6 Rxb6 33.Kh2 Ne8 34.e4 fxe4 35.Nxe4 Bxc3 36.bxc3 Bxh3
37.Nxc5 Bg4 38.Nd3 Nf6 39.Kg1 Bf3 40.Qf2 Bxd5 41.c4 Rb8 42.cxd5 Ne4 43.Qg2 Qe8
44.Rc2 Qa4 45.Rc4 Qa3 46.Rcxe4 Rxe4 47.Qxe4  1-0

[Event "WCC"]
[Site "Khanty Mansyisk RUS"]
[Date "2005.11.27"]
[Round "1.1"]
[White "Navara,D"]
[Black "Nikolic,Pr"]
[Result "1-0"]
[WhiteElo "2646"]
[BlackElo "2584"]

1.e4 e5 2.Nf3 Nc6 3.Bb5 a6 4.Ba4 Nf6 5.O-O Be7 6.Re1 b5 7.Bb3 d6 8.c3 O-O
9.d4 Bg4 10.Be3 Bh5 11.h3 Bg6 12.Nbd2 exd4 13.Nxd4 Nxd4 14.Bxd4 c5 15.Bxf6 Bxf6
16.Bd5 Rb8 17.f4 h6 18.a4 b4 19.Qf3 Kh8 20.Nc4 Qc7 21.Kh1 a5 22.g3 Bh7 23.Re3 Bg8
24.Rd3 Rfd8 25.g4 Be7 26.g5 Bf8 27.h4 bxc3 28.bxc3 Rb3 29.Nxa5 Rxc3 30.Rxc3 Qxa5
31.Rg1 Qxa4 32.gxh6 gxh6 33.Qg2 Bh7 34.Rg3 Be7 35.Rg7  1-0

[Event "WCC"]
[Site "Khanty Mansyisk RUS"]
[Date "2005.11.29"]
[Round "1.4"]
[White "Nikolic,Pr"]
[Black "Navara,D"]
[Result "1/2-1/2"]
[WhiteElo "2584"]
[BlackElo "2646"]

1.d4 Nf6 2.Nf3 e6 3.c4 b6 4.g3 Bb7 5.Bg2 Be7 6.O-O O-O 7.b3 c5 8.Bb2 cxd4
9.Qxd4 Nc6 10.Qd2 d5 11.cxd5 Nxd5 12.Rd1 Rc8 13.Nc3 Bb4 14.a3 Nxc3 15.Bxc3 Bxc3
16.Qxc3 Qe7 17.Qe3 Na5 18.Ne5 Bxg2 19.Kxg2 Rfd8 20.b4 Nc4 21.Nxc4 Rxc4 22.Rac1 Rxc1
23.Rxc1 h5 24.Qe5 Qb7+ 25.e4 Qa6 26.Qxh5 Qxa3 27.Rc7 Rf8 28.b5 Qa4 29.Qe5 Qa5
30.Qb2 a6 31.bxa6 Qxa6 32.Rc6 Rb8 33.h4 Qa4 34.Rxb6 Qxe4+ 35.Kh2 Rd8 36.Rb8 Rxb8  1/2-1/2

[Event "WCC"]
[Site "Khanty Mansyisk RUS"]
[Date "2005.11.29"]
[Round "1.6"]
[White "Navara,D"]
[Black "Nikolic,Pr"]
[Result "1-0"]
[WhiteElo "2646"]
[BlackElo "2584"]

1.e4 e5 2.Nf3 Nc6 3.Bb5 a6 4.Ba4 Nf6 5.O-O Be7 6.Re1 b5 7.Bb3 d6 8.c3 O-O
9.d4 Bg4 10.Be3 Bd7 11.Nbd2 Ng4 12.Nf1 Rb8 13.h3 Re8 14.d5 Nxe3 15.Nxe3 Na7
16.a4 Nc8 17.axb5 axb5 18.Qd3 Nb6  1-0

[Event "WCC"]
[Site "Khanty Mansyisk RUS"]
[Date "2005.11.29"]
[Round "1.5"]
[White "Nikolic,Pr"]
[Black "Navara,D"]
[Result "1-0"]
[WhiteElo "2584"]
[BlackElo "2646"]

1.d4 Nf6 2.Nf3 e6 3.c4 c5 4.d5 exd5 5.cxd5 d6 6.Nc3 g6 7.g3 Bg7 8.Bg2 O-O
9.O-O Nbd7 10.Nd2 Nh5 11.Nde4 Ndf6 12.Nd2 b6 13.a4 Ne8 14.Qc2 f5 15.b3 f4
16.Bb2 Bf5 17.Qc1 Nef6 18.Nc4 Bh6 19.Nb5 Be4 20.f3 Bxd5 21.g4 Nxg4 22.fxg4 Bxg2
23.Rf2 Bc6 24.gxh5 d5 25.Ne5 Qg5+ 26.Rg2 Qxg2+ 27.Kxg2 f3+ 28.exf3 Bxc1 29.Rxc1 Bxb5
30.axb5 a6 31.Nd7 axb5 32.Nxf8 Ra2 33.Rc2 Kxf8 34.hxg6 Kg8 35.gxh7+ Kxh7
36.Rf2 d4 37.Bxd4 Ra3 38.Be5 Rxb3 39.Kg3 b4 40.Kf4 c4 41.Ke4 Rb1 42.Kd5 c3
43.Kc4 Kg6 44.h4 Kf5 45.f4 Kg4 46.f5 c2 47.Rxc2 Kxf5 48.Bb8 Kg4 49.Rh2 Kh5
50.Bg3 b3 51.Bf2 Rb2 52.Kc3 Re2 53.Kxb3 b5 54.Kb4 Rb2+ 55.Kc3 Re2 56.Kd3 Ra2
57.Ke3 b4 58.Rh1 b3 59.Rg1 Ra5 60.Kd3 Rf5 61.Ke3 b2 62.Rb1 Rb5 63.Be1 Kg4
64.Kd3 Re5 65.Bf2 Rb5 66.Kc3 Rf5 67.Rxb2 Kh5 68.Kd4 Rf7 69.Ke3 Re7+ 70.Kf3 Rf7+
71.Kg2 Rg7+ 72.Kh3 Rd7 73.Rb5+ Kg6 74.Kg4 Rc7 75.Rb6+ Kh7 76.Be3 Re7 77.Bf4 Kg7
78.h5 Kh7 79.Rc6 Kg7 80.Rc7  1-0

[Event "WCC"]
[Site "Khanty Mansyisk RUS"]
[Date "2005.11.30"]
[Round "2.1"]
[White "Malakhov,V"]
[Black "Nikolic,Pr"]
[Result "1-0"]
[WhiteElo "2670"]
[BlackElo "2584"]

1.Nf3 d5 2.d4 Nf6 3.c4 c6 4.e3 Bf5 5.Nc3 e6 6.Nh4 Bg6 7.Nxg6 hxg6 8.Bd2 Nbd7
9.g3 Be7 10.b3 O-O 11.Bg2 Ne8 12.O-O f5 13.f4 g5 14.cxd5 exd5 15.Nxd5 Nd6
16.Nxe7+ Qxe7 17.fxg5 Qxg5 18.e4 Qg6 19.e5 Nb5 20.Bb4 Rf7 21.Qd3 Nb6 22.d5 Nc7
23.e6 Rf6 24.Be7 Nbxd5 25.Bxf6 Qxf6 26.Bxd5 Nxd5 27.Qxf5 Qd4+ 28.Qf2  1-0

[Event "Bundesliga 2005-6"]
[Site "Solingen GER"]
[Date "2005.12.09"]
[Round "7"]
[White "Nikolic,Pr"]
[Black "Macieja,B"]
[Result "1-0"]
[WhiteElo "2584"]
[BlackElo "2592"]

1.Nf3 c5 2.c4 Nc6 3.d4 cxd4 4.Nxd4 e6 5.Nb5 d6 6.g3 a6 7.N5c3 b6 8.Bg2 Bb7
9.O-O Nf6 10.Nd2 Be7 11.Nde4 Nxe4 12.Nxe4 O-O 13.Bf4 Ne5 14.Rc1 Ra7 15.c5 bxc5
16.Bxe5 Bxe4 17.Bxg7 Kxg7 18.Bxe4 d5 19.Bg2 f5 20.Rc2 a5 21.e3 Qd6 22.f4 a4
23.Kh1 Kh8 24.g4 fxg4 25.Qxg4 Bf6 26.Bh3 e5 27.fxe5 Bxe5 28.Rxf8+ Qxf8 29.Qe6 Qf3+
30.Rg2 Bg7 31.Bg4 Qf1+ 32.Rg1 Qf7 33.Qc8+ Bf8 34.Bh3 Rc7 35.Qd8 Re7 36.Bg2 Rd7
37.Qa8 Rd6 38.Qxa4 d4 39.exd4 cxd4 40.Rf1 Qe7 41.b4 d3 42.b5 d2 43.Qb3 Qd8
44.Rd1 Bg7 45.Qe3 Bh6 46.Qe5+ Bg7 47.Qf5 Bc3 48.Be4 Rh6 49.b6 Qb8 50.h3 Bb4
51.b7 Rg6 52.a3 Qg3 53.b8=Q+ Qxb8 54.axb4 Qxb4 55.Qd5 Qc3 56.Bg2 Rg3 57.Qd8+ Kg7
58.Qd7+ Kh6 59.Rxd2 Rg6 60.Be4 Qc1+ 61.Rd1 Qe3 62.Qf5 Rg1+ 63.Rxg1 Qf3+ 64.Kh2 Qe2+
65.Bg2  1-0

[Event "Bundesliga 2005-6"]
[Site "Solingen GER"]
[Date "2005.12.11"]
[Round "6"]
[White "Sokolov,And1"]
[Black "Nikolic,Pr"]
[Result "0-1"]
[WhiteElo "2623"]
[BlackElo "2584"]

1.e4 e5 2.Nf3 Nc6 3.Bb5 a6 4.Ba4 Nf6 5.O-O Be7 6.Re1 b5 7.Bb3 d6 8.c3 O-O
9.h3 Bb7 10.d4 Re8 11.Ng5 Rf8 12.Nf3 Re8 13.Nbd2 Bf8 14.a4 Qd7 15.axb5 axb5
16.Rxa8 Bxa8 17.d5 Nb8 18.Nf1 h6 19.N3h2 Qc8 20.Ng4 Nbd7 21.Qf3 Nxg4 22.hxg4 Nc5
23.Bc2 c6 24.b4 Na4 25.dxc6 Bxc6 26.Bd2 Nb6 27.Ne3 Qb7 28.Bd3 Ra8 29.c4 Ra3
30.cxb5 Rxd3 31.bxc6 Qxc6 32.Rc1 Qb7 33.Be1 g6 34.Rd1 Rb3 35.Qe2 Qxe4 36.Qb5 Nc8
37.Qd5 Qxd5 38.Nxd5 f5 39.gxf5 gxf5 40.Rc1 Ne7 41.Nc7 Kf7 42.b5 d5 43.Rd1 d4
44.f4 Bg7 45.fxe5 Bxe5 46.Ba5 h5 47.Kf1 Rb2 48.Rc1 f4 49.Rc5 Bd6 50.Rxh5 Kg6
51.Rh8 Nf5 52.Rd8 Ra2 53.Bb6 d3 54.Nd5 Ra1+ 55.Kf2 d2 56.Nc3 Rc1 57.Ke2 Rxc3
58.Kxd2 Rb3 59.Ke2 Ng3+ 60.Kf2 Ne4+ 61.Ke2 Rxb5 62.Bd4 Rb3 63.Rd7 Kf5 64.Rf7+ Ke6
65.Rg7 Ng3+ 66.Kf2 Nf5 67.Rg6+ Kd5 68.Ba7 Rb7  0-1